| 000 | 00572nam a2200193 a 4500 | ||
|---|---|---|---|
| 001 | 2907 | ||
| 005 | 20140414131949.0 | ||
| 008 | 051025s19uu xx 00 eng d | ||
| 020 | _a0-07-572802-8 | ||
| 050 |
_aTR 372.4 _bA1 L.1(ESL) |
||
| 245 |
_aESL supplement (orange), L.1 : _bblackline masters. |
||
| 260 |
_aColumbus, Ohio : _bSRA/McGraw-Hill, _c2002. |
||
| 300 | _a132 p. ; cm. | ||
| 440 | _aSRA open court reading, orange. | ||
| 526 | _cGrade 1 | ||
| 650 |
_aReading _xStudy and teaching. |
||
| 650 |
_aEnglish language _xStudy and teaching. |
||
| 999 |
_c112752 _d112752 |
||